000 00444nam a22001697a 4500
005 20260203113359.0
008 260203b |||||||| |||| 00| 0 eng d
020 _a978-1-26047394-0
100 _aGRIPPI, MICHAEL A.
245 _aFISHMAN'S PULMONARY DISEASES AND DISORDERS
250 _a6TH ED
260 _aNEW YORK
_bMCGRAW HILL
_c2023
300 _aXXIX1395P
500 _aINCLUDES INDEX
650 _aLUNG DISEASES
942 _2lcc
_cBK
999 _c216515
_d216515